<?xml version="1.0" encoding="UTF-8"?>
<record
    xmlns:xsi="http://www.w3.org/2001/XMLSchema-instance"
    xsi:schemaLocation="http://www.loc.gov/MARC21/slim http://www.loc.gov/standards/marcxml/schema/MARC21slim.xsd"
    xmlns="http://www.loc.gov/MARC21/slim">

  <leader>     nam a22     7a 4500</leader>
  <datafield tag="999" ind1=" " ind2=" ">
    <subfield code="c">48887</subfield>
    <subfield code="d">48887</subfield>
  </datafield>
  <controlfield tag="003">OSt</controlfield>
  <controlfield tag="005">20190906152557.0</controlfield>
  <controlfield tag="008">190906b        xxu||||| |||| 00| 0 eng d</controlfield>
  <datafield tag="040" ind1=" " ind2=" ">
    <subfield code="c">IIMT GR.NOIDA</subfield>
  </datafield>
  <datafield tag="100" ind1=" " ind2=" ">
    <subfield code="a">TURBAN,EFRAEN</subfield>
  </datafield>
  <datafield tag="245" ind1=" " ind2=" ">
    <subfield code="a">INFORMATION TECHNOLOGY FOR MGT</subfield>
  </datafield>
  <datafield tag="260" ind1=" " ind2=" ">
    <subfield code="a">N.DELHI</subfield>
    <subfield code="b">WILEY</subfield>
    <subfield code="c">2015</subfield>
  </datafield>
  <datafield tag="300" ind1=" " ind2=" ">
    <subfield code="a">559</subfield>
  </datafield>
  <datafield tag="942" ind1=" " ind2=" ">
    <subfield code="2">ddc</subfield>
    <subfield code="c">01</subfield>
  </datafield>
  <datafield tag="952" ind1=" " ind2=" ">
    <subfield code="0">0</subfield>
    <subfield code="1">0</subfield>
    <subfield code="2">ddc</subfield>
    <subfield code="4">0</subfield>
    <subfield code="7">0</subfield>
    <subfield code="a">29</subfield>
    <subfield code="b">29</subfield>
    <subfield code="d">2019-09-06</subfield>
    <subfield code="e">KIRTI</subfield>
    <subfield code="g">769.00</subfield>
    <subfield code="i">IN4043 8/6/19</subfield>
    <subfield code="l">0</subfield>
    <subfield code="p">29-B-478</subfield>
    <subfield code="r">2019-09-06</subfield>
    <subfield code="w">2019-09-06</subfield>
    <subfield code="y">01</subfield>
  </datafield>
  <datafield tag="952" ind1=" " ind2=" ">
    <subfield code="0">0</subfield>
    <subfield code="1">0</subfield>
    <subfield code="2">ddc</subfield>
    <subfield code="4">0</subfield>
    <subfield code="7">0</subfield>
    <subfield code="a">29</subfield>
    <subfield code="b">29</subfield>
    <subfield code="d">2019-09-06</subfield>
    <subfield code="e">KIRTI</subfield>
    <subfield code="g">769.00</subfield>
    <subfield code="i">IN4043 8/6/19</subfield>
    <subfield code="l">0</subfield>
    <subfield code="p">29-B-479</subfield>
    <subfield code="r">2019-09-06</subfield>
    <subfield code="w">2019-09-06</subfield>
    <subfield code="y">01</subfield>
  </datafield>
  <datafield tag="952" ind1=" " ind2=" ">
    <subfield code="0">0</subfield>
    <subfield code="1">0</subfield>
    <subfield code="2">ddc</subfield>
    <subfield code="4">0</subfield>
    <subfield code="7">0</subfield>
    <subfield code="a">29</subfield>
    <subfield code="b">29</subfield>
    <subfield code="d">2019-09-06</subfield>
    <subfield code="e">KIRTI</subfield>
    <subfield code="g">769.00</subfield>
    <subfield code="i">IN4043 8/6/19</subfield>
    <subfield code="l">0</subfield>
    <subfield code="p">29-B-480</subfield>
    <subfield code="r">2019-09-06</subfield>
    <subfield code="w">2019-09-06</subfield>
    <subfield code="y">01</subfield>
  </datafield>
</record>
